Statistics for Africa Geography by Letter - A

Click here to take the quiz!

General Stats

  • This quiz has been taken 230 times
  • The average score is 13 of 20

Answer Stats

HintAnswer% Correct
Largest country in AfricaAlgeria
100%
Capital of the aboveAlgiers
98%
Portuguese-speaking countryAngola
96%
Capital and largest city of EthiopiaAddis Ababa
95%
City famous for its ancient lighthouse and libraryAlexandria
93%
Capital city of NigeriaAbuja
92%
Capital and largest city of GhanaAccra
92%
Language spoken in southern African that evolved from DutchAfrikaans
92%
Official language of several African countries, including all in North AfricaArabic
90%
Capital and largest city of MadagascarAntananarivo
86%
Largest city in the Ivory CoastAbidjan
77%
Capital and biggest city of EritreaAsmara
76%
An official language of EthiopiaAmharic
65%
Continental organizationAfrican Union
49%
City in Tanzania that is headquarters of the East African CommunityArusha
24%
Another official language of EthiopiaAfar
17%
Native language of about 44% of GhanaiansAkan
14%
Another name for the Berber people of North AfricaAmazigh
14%
British island home to one of four GPS antennaAscension Island
14%
One of the three main islands of ComorosAnjouan
8%

Score Distribution

Percentile by Number Answered

Percent of People with Each Score

Your Score History

You have not taken this quiz